Países que contienen la letra L - Estadísticas

Estadísticas generales
  • Esta prueba ha sido intentada 2.784 veces
    2.782 desde el último reinicio
  • La puntuación promedio es 52 de 72
Estadísticas de respuestas
País % Correcto
Letonia
89%
Lituania
89%
Libia
88%
Alemania
85%
Colombia
85%
Islandia
85%
Liberia
84%
Australia
83%
Chile
83%
Finlandia
83%
Albania
82%
Brasil
82%
Líbano
82%
Luxemburgo
82%
Portugal
82%
Irlanda
81%
Laos
80%
República del Congo
80%
Bolivia
79%
República Dominicana
79%
El Salvador
78%
República Democrática del Congo
78%
Argelia
77%
San Cristóbal y Nieves
77%
Lesoto
76%
Santa Lucía
76%
Angola
75%
Bélgica
75%
Belice
75%
Guatemala
75%
Islas Marshall
75%
República Checa
75%
Bielorrusia
74%
Islas Salomón
74%
Liechtenstein
73%
Senegal
73%
Corea del Sur
70%
Costa de Marfil
70%
Eslovenia
70%
Italia
70%
Eslovaquia
69%
Corea del Norte
68%
Israel
68%
Malta
68%
Polonia
68%
República Centroafricana
68%
Venezuela
68%
Moldavia
67%
Mongolia
67%
Somalia
67%
Guinea Ecuatorial
66%
Malí
66%
Seychelles
66%
Tailandia
66%
Bulgaria
65%
Maldivas
65%
Palaos
65%
Bangladés
64%
Filipinas
64%
Malasia
64%
Nueva Zelanda
63%
Suazilandia
63%
San Vicente y las Granadinas
61%
Sierra Leona
61%
Sri Lanka
61%
Sudán del Sur
60%
Malaui
58%
República de Macedonia
58%
Nepal
54%
Timor Oriental
52%
Ciudad del Vaticano
48%
Tuvalu
46%
No se encontraron pruebas coincidentes
Distribución de puntuación
Porcentaje de gente con cada puntuación
Porcentaje por número respondido
Historial de tus puntuaciones
No has intentado esta prueba desde el último reinicio